000 00864nam a22002777a 4500
001 9453
003 FISKH
005 20260112164006.0
008 260112b cb ||||| |||| 00| 0 eng d
020 _a070097002058
040 _aFISKH
_beng
_cFISKH
_dFISKH
050 _aPZ7
082 _a599.7
100 _aAnonymous
_eAuthor
245 _aCuddy kittens /
260 _aNew York :
_bPlaymore Inc. ,
300 _a8 unnumbered pages :
_bcolor illustrations ;
_c23 cm
505 _aE
520 _aA beautifully illustrated series for young children, all about their favorite animal friends-full of bright colorful pictures and easy to handle-just right for the little hands!
521 8 _a200
_bLexile estimate
521 8 _aE
_bRaz-Plus
650 _aBoard book
_vColorful
650 _aAnimals
_vChildren
942 _2ddc
_cBK
_n0
999 _c9453
_d9453